000 00553cas a22001694i 4500
999 _c50579
_d50579
001 768714001
003 CO-MdFUSB
005 20180309154740.0
008 180309s1998 cr ||||| |||| 00| 0 spa d
040 _aCO-MdFUSB
_bspa
_cCO-MdFUSB
_dCO-MdFUSB
041 _aspa
100 1 _aPugliese, Ricardo M.
_eautor
245 1 0 _aDesequilibrio familiar en la vida del ministro
300 _aVolumen 4. Número 8 (1998), página 122
_c: 28 cm.
773 0 _tConquista Cristiana
_049446
_960294
_gVolumen 4. Número 8 (1998), página 122
_qpágina 122
942 _cANA